South Eastern Kenya University

Library Online Public Access Catalogue


Basic principles of ligand field theory (Record no. 2071)

MARC details
000 -LEADER
fixed length control field 00636cam a2200157 4500
020 ## - ISBN
International Standard Book Number 0471761001
050 00 - LIBRARY OF CONGRESS CALL NUMBER
Classification Number QD475
Item Number .S2813
100 1# - MAIN ENTRY--Author
Personal name Schläfer, Hans L.
245 10 - TITLE
Title Basic principles of ligand field theory
Statement of responsibility, etc [by] Hans L. Schläfer and Günter Gliemann; translated from the German by David F. Ilten.
260 ## - PUBLICATION, DISTRIBUTION, ETC.(IMPRINT)
Place of publication, distribution, etc London,
-- New York,
Name of publisher, distributor, etc Wiley-Interscience,
Date of publication, distribution, etc 1969.
300 ## - PHYSICAL DESCRIPTION
Extent xv, 535 p.
500 ## - GENERALNOTE
General note Translation of Einführung in die Ligandenfeldtheorie.
650 #0 - SUBJECT--TOPIC
Topical term following geographic name as entry element Ligand field theory. Transition metal compounds. Composés inorganiques. View all subjects
700 1# - ADDED ENTRY--PERSONAL AUTHOR
Personal Name Gliemann, Günter,
942 ## - ADDED ENTRY ELEMENTS(KOHA)
Koha item type General circulation
Holdings
Source of classification or shelving scheme Not for loan Location (home branch) Sublocation (holding branch) Date accessioned Cost, normal purchase price Full call number Barcode Cost, replacement price Koha item type Public note
Library of Congress Classification   Main Campus Library Main Campus Library 27/08/2014 4955.52 QD475 .S2813 2019/021994 5455.00 General circulation amm
Kitui, Kenya.
+254736116989
library@seku.ac.ke